000 01051nam a2200289 a 4500
001 8369
003 BD-RjUL
005 20211208234557.0
008 140118s19611959nyua b 001 0 eng d
035 _a(BD-RjUL)8414
040 _aBD-RjUL
_beng
_cBD-RjUL
_dBD-RjUL
041 _aeng
082 0 0 _221
_a519.538
_bSCA 1961
100 1 _aScheffé, Henry,
_d1907-
_926064
245 1 4 _aThe analysis of variance /
_cHenry Scheffé
260 _aNew York ;
_aLondon :
_bJohn Wiley and Sons,
_cc1959 [Printing 1961].
300 _axvi, 477 p. :
_bill. ;
_c24 cm
490 1 _aWiley publication in mathematical statistics
490 1 _aWiley publications in statistics
490 1 _aWiley publications in statistics. Mathematical statistics
504 _aIncludes bibliography and index.
650 0 _aAnalysis of variance.
_926065
830 0 _aWiley publication in mathematical statistics
_9151637
830 0 _aWiley publications in statistics
_9116514
830 0 _aWiley publications in statistics. Mathematical statistics
_9154101
942 _2ddc
_cBK
999 _c8369
_d8369